Statystyki dla Miasta na litere S w województwie śląskim #8

Kliknij tutaj aby rozwiązać quiz!

Ogólne statystyki

  • Ten quiz został rozwiązany 21 razy
  • Średni wynik to 5 z 9

Statystyki odpowiedzi

LMNazwa% Poprawnych
189 178Sosnowiec
100%
64 365Siemianowice
95%
14 868Skoczów
45%
5 736Szczyrk
45%
5 568Siewierz
40%
7 092Sławków
35%
1 715Sośnicowice
35%
3 518Szczekociny
30%
3 632Strumień
25%

Rozkład punktacji

Percentyl według liczby udzielonych odpowiedzi

Procent ludzi z każdym wynikiem

Twoja historia wyników

Nie rozwiązałeś tego quizu